| 000 | 00556nam a22001697a 4500 | ||
|---|---|---|---|
| 999 |
_c3749 _d3749 |
||
| 008 | 200629b ||||| |||| 00| 0 eng d | ||
| 020 | _a0540072788 | ||
| 082 | 0 | 0 |
_a623.8884 _bC6667 |
| 100 |
_91600 _aCockroft, A. N. |
||
| 245 | 1 | 0 |
_aA guide to the collision avoidance rules: International Regulations for Preventing Collisions at Sea / _cby A. N. Cockroft and J. N. F. Lameijer |
| 250 | _a3rd ed. | ||
| 260 |
_aLondon _bStanford Maritime _c1982 |
||
| 300 | _a238 p. | ||
| 650 | 0 | _aRule of the road at sea | |
| 700 |
_91601 _aLameijer, J.N.F. |
||
| 942 | _cBK | ||